00709nam a2200217Ia 4500001001000000003000500010008004100015010001100056040000900067082002200076100002200098245012900120260002900249300001100278650003700289650003700326650003000363650002700393650003300420700003800453Para_7253CHAP220125s1988 xx 000 0 und d a206139 cCHAP aPA 636.0896968 D7 aDrummod, Roger O. aControl of arthropod pest of livestok :b a review of technology /c by Roger O. Drummod, John E. George and Sidney E. Kunz aBoca Raton, Fla. :bCRC a245 p. aAnimales domésticos x plagas  aControl biológico de insectos  aEntomología económica aGanado x parásitos  aParasitología veterinaria  aGeorge, John E. / Kunz, Sidney E.